00749nam a2200217 i 450000100060000000300090000600500170001500700030003200800410003502000180007610000340009424500880012826000470021630000220026349000180028570000300030383000260033385200330035999900170039295201220040943410ES-MaACL20230906160803.0t|030317s1986 sp ||||1| spa d a84-85641-95-71 aCastro Nogueira, Luis.93694110aEnsayo general para un ballet anarquista / cLuis Castro Nogueira, M.H. de Ossorno. aMadrid : bEdiciones libertarios, c[1986] a222 p. ; c20 cm.1 aEnsayo ; v101 aOssorno, M. H. de.9878020 aEnsayo ; v109177699 aES-MaACLjL-10692 bR.112343 c43410d43410 00104070aATENEOMbATENEOMcDEPO2d2008-01-17eSCl0oL-10692p1045699r2023-02-23 00:00:00w2023-02-23yMONOGRAFIA